00381nam a2200121Ia 4500003000400000005001700004008004100021040001800062041000800080100004400088245009000132260003700222OSt20260227113618.0211028s2019 xx 000 0 und d cAIMIT LIBRARY aeng aSushmitha B S; Achar, Sumitha.g1716202 aStudy on assesment of quality of work life among the employees of Bajaj Electricals / aMangalorebJustine P Jamesc2019